ARRUPE JESUIT UNIVERSITY

CORONAVIRUS -STOP THE SPREAD - CLEAN,DISINFECT,COVER

The republic of pirates : (Record no. 119391)

MARC details
000 -LEADER
fixed length control field 02069cam a2200385 a 4500
001 - CONTROL NUMBER
control field 14628338
003 - CONTROL NUMBER IDENTIFIER
control field ARRUPE
005 - DATE AND TIME OF LATEST TRANSACTION
control field 20131219163323.0
008 - FIXED-LENGTH DATA ELEMENTS--GENERAL INFORMATION
fixed length control field 061108s2007 flub b 001 0 eng
010 ## - LIBRARY OF CONGRESS CONTROL NUMBER
LC control number 2006037389
020 ## - INTERNATIONAL STANDARD BOOK NUMBER
International Standard Book Number 9780151013029
020 ## - INTERNATIONAL STANDARD BOOK NUMBER
International Standard Book Number 0151013020
035 ## - SYSTEM CONTROL NUMBER
System control number (OCoLC)ocm76167329
035 ## - SYSTEM CONTROL NUMBER
System control number (OCoLC)76167329
040 ## - CATALOGING SOURCE
Original cataloging agency DLC
Transcribing agency DLC
Modifying agency YDX
-- BAKER
-- BTCTA
-- OCO
-- YDXCP
-- GK8
-- VP@
-- DLC
043 ## - GEOGRAPHIC AREA CODE
Geographic area code cc-----
050 00 - LIBRARY OF CONGRESS CALL NUMBER
Classification number F2161
Item number .W56 2007
082 00 - DEWEY DECIMAL CLASSIFICATION NUMBER
Classification number 910.4/5
Edition number 22
300 ## - PHYSICAL DESCRIPTION
Other physical details map ;
Dimensions 24 cm.
100 1# - MAIN ENTRY--PERSONAL NAME
Personal name Woodard, Colin,
Dates associated with a name 1968-
9 (RLIN) 6090
245 14 - TITLE STATEMENT
Title The republic of pirates :
Remainder of title being the true and surprising story of the Caribbean pirates and the man who brought them down /
Statement of responsibility, etc Colin Woodard.
250 ## - EDITION STATEMENT
Edition statement 1st ed.
260 ## - PUBLICATION, DISTRIBUTION, ETC. (IMPRINT)
Place of publication, distribution, etc Orlando :
Name of publisher, distributor, etc Harcourt,
Date of publication, distribution, etc c2007.
300 ## - PHYSICAL DESCRIPTION
Extent 383 p. :
504 ## - BIBLIOGRAPHY, ETC. NOTE
Bibliography, etc Includes bibliographical references and index.
505 0# - FORMATTED CONTENTS NOTE
Formatted contents note Prologue : the golden age of piracy -- The legend (1696) -- Going to sea (1697-1702) -- War (1702-1712) -- Peace (1713-1715) -- Pirates gather (January-June 1716) -- Brethren of the coast (June 1716-March 1717) -- Bellamy (March-May 1717) -- Blackbeard (May-December 1717) -- Begging pardon (December 1717-July 1718) -- Brinksmanship (July-September 1718) -- Hunted (September-March 1720) -- Epilogue : piracy's end (1720-1732).
650 #0 - SUBJECT ADDED ENTRY--TOPICAL TERM
Topical term or geographic name as entry element Buccaneers
General subdivision History
Chronological subdivision 18th century.
9 (RLIN) 6091
650 #0 - SUBJECT ADDED ENTRY--TOPICAL TERM
Topical term or geographic name as entry element Pirates
Geographic subdivision Caribbean Area
General subdivision History
Chronological subdivision 18th century.
9 (RLIN) 6092
856 41 - ELECTRONIC LOCATION AND ACCESS
Materials specified Table of contents only
Uniform Resource Identifier <a href="http://www.loc.gov/catdir/toc/ecip074/2006037389.html">http://www.loc.gov/catdir/toc/ecip074/2006037389.html</a>
856 42 - ELECTRONIC LOCATION AND ACCESS
Materials specified Contributor biographical information
Uniform Resource Identifier <a href="http://www.loc.gov/catdir/enhancements/fy0730/2006037389-b.html">http://www.loc.gov/catdir/enhancements/fy0730/2006037389-b.html</a>
856 42 - ELECTRONIC LOCATION AND ACCESS
Materials specified Publisher description
Uniform Resource Identifier <a href="http://www.loc.gov/catdir/enhancements/fy0730/2006037389-d.html">http://www.loc.gov/catdir/enhancements/fy0730/2006037389-d.html</a>
856 41 - ELECTRONIC LOCATION AND ACCESS
Materials specified Sample text
Uniform Resource Identifier <a href="http://www.loc.gov/catdir/enhancements/fy0730/2006037389-s.html">http://www.loc.gov/catdir/enhancements/fy0730/2006037389-s.html</a>
906 ## - LOCAL DATA ELEMENT F, LDF (RLIN)
a 7
b cbc
c orignew
d 1
e ecip
f 20
g y-gencatlg
942 ## - ADDED ENTRY ELEMENTS (KOHA)
Source of classification or shelving scheme Library of Congress Classification
Koha item type Monograph ( Printed materials)
Holdings
Withdrawn status Lost status Source of classification or shelving scheme Damaged status Not for loan Home library Current library Date acquired Total Checkouts Full call number Barcode Date last seen Price effective from Koha item type
    Library of Congress Classification     ARRUPE LIBRARY ARRUPE LIBRARY 19/12/2013   F2161 .W56 2007 464123030 04/04/2018 19/12/2013 Monograph ( Printed materials)

 

Arrupe Library. PO Box MP320 Mt Pleasant, Harare, Zimbabwe
263 242 745411|librarian@aju.ac.zw